000
00215nam a22000857a 4500
999
_c
5128
_d
5128
008
161230b xxu||||| |||| 00| 0 eng d
020
_a
9788131808900
100
_9
2241
_a
Mazumdar.I
245
_a
Physical Education -IX
260
_a
New Delhi
_b
L.P
_c
2011